Países del mundo en Stewart - Estadísticas

Estadísticas generales
  • Esta prueba ha sido intentada 1.966 veces
  • La puntuación promedio es 56 de 64
Respuestas en el mapa
Las respuestas están codificadas por una escala verde-roja en el mapa de la prueba según el % correcto abajo.
 
Estadísticas de respuestas
Country % Correcto
Brasil
97%
China
97%
Chile
96%
Colombia
96%
Italia
96%
Japón
96%
Marruecos
96%
Perú
96%
Venezuela
96%
Bolivia
95%
Ecuador
95%
Egipto
95%
España
95%
Mongolia
95%
Rusia
95%
Turquía
95%
Arabia Saudita
93%
Argelia
93%
Grecia
93%
India
93%
Irán
93%
Israel
93%
Kazajistán
91%
Libia
91%
Túnez
91%
Irak
90%
Pakistán
90%
Afganistán
89%
Chipre
89%
Nepal
89%
Níger
89%
Catar
88%
Jordania
88%
Malta
88%
Uzbekistán
88%
Cabo Verde
87%
Siria
87%
Sudán
87%
Chad
86%
Líbano
86%
Senegal
86%
Turkmenistán
86%
Guinea
85%
Guyana
85%
Mauritania
85%
Bután
84%
Ghana
84%
Malí
84%
Tayikistán
84%
Costa de Marfil
83%
Bangladés
82%
Paraguay
82%
Kirguistán
81%
Togo
81%
Nigeria
80%
Liberia
79%
Sierra Leona
79%
Burkina Faso
78%
Emiratos Árabes Unidos
77%
Benín
76%
Albania
72%
Baréin
71%
Kuwait
64%
Trinidad y Tobago
63%
No se encontraron pruebas coincidentes
Distribución de puntuación
Porcentaje de gente con cada puntuación
Porcentaje por número respondido
Historial de tus puntuaciones
No has intentado esta prueba.